America's allies and war : (Record no. 15289)

000 -LEADER
fixed length control field 02749cam a22003974a 4500
001 - CONTROL NUMBER
control field 16422356
005 - DATE AND TIME OF LATEST TRANSACTION
control field 20170105102914.0
008 - FIXED-LENGTH DATA ELEMENTS--GENERAL INFORMATION
fixed length control field 100818s2011 nyu b 001 0 eng
010 ## - LIBRARY OF CONGRESS CONTROL NUMBER
LC control number 2010035423
020 ## - INTERNATIONAL STANDARD BOOK NUMBER
International Standard Book Number 9780230614826 (hardback)
020 ## - INTERNATIONAL STANDARD BOOK NUMBER
International Standard Book Number 0230614825 (hardback)
035 ## - SYSTEM CONTROL NUMBER
System control number (OCoLC)ocn369141287
040 ## - CATALOGING SOURCE
Original cataloging agency DLC
Transcribing agency DLC
Modifying agency YDX
-- BTCTA
-- YDXCP
-- CDX
-- DLC
042 ## - AUTHENTICATION CODE
Authentication code pcc
043 ## - GEOGRAPHIC AREA CODE
Geographic area code e------
-- n-us---
050 00 - LIBRARY OF CONGRESS CALL NUMBER
Classification number UA646.3
Item number .D35 2011
082 00 - DEWEY DECIMAL CLASSIFICATION NUMBER
Classification number 355/.0310973094
Edition number 22
100 1# - MAIN ENTRY--PERSONAL NAME
Personal name Davidson, Jason.
245 10 - TITLE STATEMENT
Title America's allies and war :
Remainder of title Kosovo, Afghanistan, and Iraq /
Statement of responsibility, etc. Jason W. Davidson.
250 ## - EDITION STATEMENT
Edition statement 1st ed.
260 ## - PUBLICATION, DISTRIBUTION, ETC.
Place of publication, distribution, etc. New York :
Name of publisher, distributor, etc. Palgrave Macmillan,
Date of publication, distribution, etc. 2011.
300 ## - PHYSICAL DESCRIPTION
Extent x, 250 p. ;
Dimensions 22 cm.
500 ## - GENERAL NOTE
General note Machine generated contents note: Transatlantic Alliance Burden-sharing: Defining and Justifying the Question * A Neoclassical Realist Explanation of Transatlantic Alliance Burden-sharing * Vietnam, Lebanon, Persian Gulf, and Somalia * Kosovo * Afghanistan * Iraq * Improving Transatlantic Alliance Burden-sharing.
504 ## - BIBLIOGRAPHY, ETC. NOTE
Bibliography, etc. note Includes bibliographical references and index.
505 8# - FORMATTED CONTENTS NOTE
Formatted contents note Machine generated contents note: Transatlantic Alliance Burden-sharing: Defining and Justifying the Question * A Neoclassical Realist Explanation of Transatlantic Alliance Burden-sharing * Vietnam, Lebanon, Persian Gulf, and Somalia * Kosovo * Afghanistan * Iraq * Improving Transatlantic Alliance Burden-sharing.
520 ## - SUMMARY, ETC.
Summary, etc. "Why do Britain, France, and Italy provide or refuse military support for U.S.-led uses of force? This book provides a unique, multiple-case study analysis of transatlantic burden-sharing. Sixty original interviews with top policymakers and analysts provide insight into allies' decisions regarding the Kosovo War (1999), Afghanistan (2001), and the Iraq War (2003). The cases show that neoclassical realist factors--alliance value, threat, prestige, and electoral politics--explain allies' decisions better than constructivist factors--identity and norms. The book briefly covers additional cases (Vietnam, Lebanon, the Persian Gulf War, Somalia) and concludes with recommendations for increasing future allied military support"--Provided by publisher.
650 #0 - SUBJECT ADDED ENTRY--TOPICAL TERM
Topical term or geographic name entry element Alliances
Form subdivision Case studies.
650 #0 - SUBJECT ADDED ENTRY--TOPICAL TERM
Topical term or geographic name entry element World politics
Chronological subdivision 1989-
651 #0 - SUBJECT ADDED ENTRY--GEOGRAPHIC NAME
Geographic name United States
General subdivision Military relations
Geographic subdivision Europe.
651 #0 - SUBJECT ADDED ENTRY--GEOGRAPHIC NAME
Geographic name Europe
General subdivision Military relations
Geographic subdivision United States.
651 #0 - SUBJECT ADDED ENTRY--GEOGRAPHIC NAME
Geographic name United States
General subdivision Military relations
Geographic subdivision Europe
Form subdivision Case studies.
651 #0 - SUBJECT ADDED ENTRY--GEOGRAPHIC NAME
Geographic name Europe
General subdivision Military relations
Geographic subdivision United States
Form subdivision Case studies.
906 ## - LOCAL DATA ELEMENT F, LDF (RLIN)
a 7
b cbc
c orignew
d 1
e ecip
f 20
g y-gencatlg
942 ## - ADDED ENTRY ELEMENTS (KOHA)
Source of classification or shelving scheme
Koha item type Book
Holdings
Withdrawn status Lost status Damaged status Not for loan Collection code Permanent Location Current Location Shelving location Date acquired Total Checkouts Full call number Barcode Date last seen Price effective from Koha item type
          Centre for International Peace & Stability (CIPS) Centre for International Peace & Stability (CIPS) General Stacks 10/02/2013   355.0310973094 DAV 2011 CIPS0002008 11/26/2013 11/26/2013 Book
© 2023 Central Library, National University of Sciences and Technology. All Rights Reserved.